000 00965nam a2200265 a 4500
001 000034750
005 20200930073900.0
008 111019s1979 mx 000 0 spa d
040 _aDO-SdBNP
_bspa
_cBNPHU
082 _a972.91
_bT967b
100 1 _aTuttino, Saverio
_960230
240 1 0 _aStoria delle rivoluzioni del xx secolo : La rivoluzione cubana
_lespañol
245 1 0 _aBreve historia de la revolución cubana /
_cSaverio Tuttino ; traductor Ana María Palos.
260 _aMéxico, :
_bEdiciones Era,
_c1979.
300 _a233 p. ;
_c17 cm.
490 1 _aPopular Era
590 _aPerteneció a la biblioteca personal de Juan Isidro Jimenes Grullón
500 _aTraducido del italiano
651 4 _aCuba
_xHistoria
_y1933-1959
_911375
651 4 _aCuba
_xHistoria
_y1959-
_916982
651 4 _aCuba
_xHistoria
_yREVOLUCIÓN, 1933
_919375
700 1 2 _aPalos, Ana María,
_atrad.
_960231
910 _aValidado. Control de calidad MFF
049 _aBNGR
999 _c34241
_d34241